000 00454nam a2200181Ia 4500
001 10310
005 20260306161822.0
008 260306t2012||||xx |||||||||||||| ||spa||
041 _aESP
082 _a918.54
_bE53
100 _aEmpresa de Generación Eléctrica de Arequipa
_eAUT
245 0 _aColca el valle de las maravillas
260 _c2012
300 _a35 páginas :
_c29 cm
650 _aGEN
654 _aCHU
942 _cLIB
_dJUS
_fJUS
_2ddc
_n
999 _c10310
_d10310